शारीरिक शिक्षा के सिद्धांत और इतिहास / (Record no. 112133)

MARC details
000 -LEADER
fixed length control field 01182nam a22002657a 4500
005 - DATE AND TIME OF LATEST TRANSACTION
control field 20170124102934.0
010 ## - LIBRARY OF CONGRESS CONTROL NUMBER
LC control number B-081074
020 ## - INTERNATIONAL STANDARD BOOK NUMBER
Terms of availability 750.00
International Standard Book Number 8175241551
035 ## - SYSTEM CONTROL NUMBER
System control number B-081074
037 ## - SOURCE OF ACQUISITION
Source of stock number/acquisition Cen Lib/Ret
040 ## - CATALOGING SOURCE
Original cataloging agency DPL
Language of cataloging HN
082 ## - DEWEY DECIMAL CLASSIFICATION NUMBER
Classification number 796.01
Item number शर्मा
100 ## - MAIN ENTRY--PERSONAL NAME
Personal name शर्मा, एन.पी.
9 (RLIN) 46037
245 ## - TITLE STATEMENT
Title शारीरिक शिक्षा के सिद्धांत और इतिहास /
Statement of responsibility, etc एन.पी. शर्मा
246 ## - VARYING FORM OF TITLE
Title proper/short title sharirik shiksha ke siddhant or itihas
Remainder of title by N.P.Sharma
260 ## - PUBLICATION, DISTRIBUTION, ETC. (IMPRINT)
Place of publication, distribution, etc नई दिल्ली
Name of publisher, distributor, etc खेल साहित्य केंद्र
Date of publication, distribution, etc 2003
270 ## - ADDRESS
Address 4264/3, अंसारी रोड दरिया गंज
City नई दिल्ली
Postal code 110002
300 ## - PHYSICAL DESCRIPTION
Extent 453पृष्ठ.
Dimensions 21सेमी (सजिल्द )
650 ## - SUBJECT ADDED ENTRY--TOPICAL TERM
Topical term or geographic name as entry element शारीरिक शिक्षा
9 (RLIN) 239
650 ## - SUBJECT ADDED ENTRY--TOPICAL TERM
Topical term or geographic name as entry element शारीरिक शिक्षा का दर्शन
9 (RLIN) 46038
650 ## - SUBJECT ADDED ENTRY--TOPICAL TERM
Topical term or geographic name as entry element Physical education
9 (RLIN) 22886
650 ## - SUBJECT ADDED ENTRY--TOPICAL TERM
Topical term or geographic name as entry element The philosophy of physical education
9 (RLIN) 46039
700 ## - ADDED ENTRY--PERSONAL NAME
9 (RLIN) 45979
942 ## - ADDED ENTRY ELEMENTS (KOHA)
Source of classification or shelving scheme Dewey Decimal Classification
Koha item type Hindi Books
Classification part 796.01
Call number suffix शर्मा
Holdings
Withdrawn status Lost status Damaged status Not for loan Home library Current library Date acquired Source of acquisition Cost, normal purchase price Total Checkouts Full call number Barcode Date last seen Copy number Cost, replacement price Price effective from Koha item type
        Central Library Central Library 07/08/2015 Cen Lib/Ret 750.00   796.01 शर्मा B-081074 07/08/2015 1 750.00 07/08/2015 Hindi Books

© Delhi Public Library
Hit Counter
free hit counter